| 000 -LEADER |
| fixed length control field |
01094nam a2200229Ia 4500 |
| 001 - CONTROL NUMBER |
| control field |
6326 |
| 003 - CONTROL NUMBER IDENTIFIER |
| control field |
GE_BSU |
| 008 - FIXED-LENGTH DATA ELEMENTS--GENERAL INFORMATION |
| fixed length control field |
181216s||||||||xx |||||||||||||| ||und|| |
| 040 ## - CATALOGING SOURCE |
| Transcribing agency |
GE_BSU |
| 080 ## - UNIVERSAL DECIMAL CLASSIFICATION NUMBER |
| Universal Decimal Classification number |
693.002.5(075.8)+621.81(075.8) |
| 100 ## - MAIN ENTRY--PERSONAL NAME |
| Personal name |
კაციტაძე,ო.ი. ბიჭიაშვილი,ჯ.გ. |
| 245 ## - TITLE STATEMENT |
| Title |
სამშენებლო მანქანები და სამშენებლო პროცესების ავტომატიზაცია.პირველი ნაწ. წიგნი II. |
| 245 ## - TITLE STATEMENT |
| Remainder of title |
სახელმძღვ. |
| 245 ## - TITLE STATEMENT |
| Statement of responsibility, etc. |
რედ.დ.ს.თავხელიძე. |
| 260 ## - PUBLICATION, DISTRIBUTION, ETC. |
| Place of publication, distribution, etc. |
თბ. |
| 260 ## - PUBLICATION, DISTRIBUTION, ETC. |
| Name of publisher, distributor, etc. |
უნ-ტის გამ-ბა. |
| 260 ## - PUBLICATION, DISTRIBUTION, ETC. |
| Date of publication, distribution, etc. |
1985. |
| 300 ## - PHYSICAL DESCRIPTION |
| Extent |
432გვ;22სმ;ილ;ბიბლიოგრ.:გვ.423-426. |
| 300 ## - PHYSICAL DESCRIPTION |
| Accompanying material |
დანართები:გვ.388-423. |
| 653 ## - INDEX TERM--UNCONTROLLED |
| Uncontrolled term |
სამშენებლო მანქანები და სამშენებლო პროცესების ავტომატიზაცია. |
| 942 ## - ADDED ENTRY ELEMENTS (KOHA) |
| Koha item type |
წიგნი |